| 000 | 00420 a2200157 4500 | ||
|---|---|---|---|
| 020 | _a0021092656 | ||
| 040 |
_aDLC _bDLC |
||
| 082 | _a510 | ||
| 100 | _aJackson, Audrey L. | ||
| 245 |
_aMathematics in Action _cAudrey L, Jackson. |
||
| 260 |
_aNew York: _bMacmillan/Mcgraw-Hill School, _c1994. |
||
| 300 |
_aix, 534 p. : _bill. ; _c27 cm. |
||
| 500 | _aIncludes Index | ||
| 650 | _aMathematics. | ||
| 942 |
_cBK _k510 JAC _2ddc |
||
| 999 |
_c7415 _d7415 |
||